000 02863nam2a2200349 4500
001 RU\NLR\BIBL_A\012791800
005 20250624160917.0
035 _a(NLR Aleph) 012791800
090 _a13155197
_c13155197
100 _a20220518d2021 |||y0rusy50 ca
101 0 _arus
_deng
102 _aRU
105 _aac z 000yy
200 1 _aСборник статей III Ежегодной межвузовской научно-практической конференции "Развитие систем жизнеобеспечения, энергосбережение и охрана окружающей среды"
_f[под общ. ред. д.т.н., доц. С.В. Саркисова]
210 _d2021
_aБ. м.
215 _a252 c.
_cил., портр.
_d21
300 _aРез. на англ. яз.
313 _a2-я конф. 2020
320 _aБиблиогр. в конце ст.
461 0 _1001RU\NLR\BIBL_A\012091206
_12001#$aАктуальные проблемы военно-научных исследований$eсборник научных трудов$fВоен. акад. матер.-техн. обеспечения, Воен. ин-т (инж.-техн.) ВА МТО (Воен. академии матер.-техн. обеспечения им. А.В. Хрулева) [и др.]$v4 (16) (спец. вып.)
_911855569
_cСанкт-Петербург
_d2019 -
_fВоен. акад. матер.-техн. обеспечения, Воен. ин-т (инж.-техн.) ВА МТО (Воен. академии матер.-техн. обеспечения им. А.В. Хрулева) [и др.]
_nВИ (ИТ) ВА МТО
_oсборник научных трудов
_tАктуальные проблемы военно-научных исследований
_x2658-7009
_v4 (16) (спец. вып.)
606 1 _aЭлектрическая энергия
_jСборники
_xЭкономия
_91357406
_3RU\NLR\AUTH\66567551
606 1 _aСпециальные сооружения военного назначения
_jСборники
_xСистемы жизнеобеспечения
_92198704
_3RU\NLR\AUTH\6601556426
606 1 _aЭлектрические установки в военно-инженерном деле
_jСборники
_91958253
_3RU\NLR\AUTH\661183800
686 1 _aЦ715-4я43
686 1 _aЦ561.28я43
702 1 _aСаркисов
_bС. В.
_gСергей Владимирович
_4340
710 1 2 _a"Развитие систем жизнеобеспечения, энергосбережение и охрана окружающей среды", межвузовская научно-практическая конференция
_d3
_eСанкт-Петербург
_f2021
_9799883
_3RU\NLR\AUTH\880566542
852 _aNLR
_jП10/7830
942 _cISSUE
980 _aNB
980 _aRUSPER